[Event "BIH-chT 5th"]
[Site "Banja Vrucica"]
[Date "2006.06.23"]
[Round "6"]
[White "Bjeljac, Dragoljub"]
[Black "Nurkic, Sahbaz"]
[Result "0-1"]
[WhiteElo "2400"]
[BlackElo "2395"]
[PlyCount "51"]
[EventDate "2006.06.18"]
[EventType "team-tourn"]
[EventRounds "9"]
[EventCountry "BIH"]
[SourceTitle "EXT 2019"]
[Source "ChessBase"]
[SourceDate "2018.10.10"]
[SourceVersion "1"]
[SourceVersionDate "2018.10.10"]
[SourceQuality "1"]
[WhiteTeam "Drvar"]
[BlackTeam "Sarajevo Zeljeznicar"]
[WhiteTeamCountry "BIH"]
[BlackTeamCountry "BIH"]

1. e4 g6 2. d4 Bg7 3. c3 d5 4. e5 c5 5. f4 cxd4 6. Qxd4 Nc6 7. Bb5 Nh6 8. Nf3 0-0 9. Qd3 f6 10. Be3 Bf5 11. Qd2 Be4 12. Na3 Bxf3 13. gxf3 fxe5 14. 0-0-0 Nf5 15. Bc5 exf4 16. Kb1 Kh8 17. Rhe1 Ne5 18. Qxf4 Nd6 19. Qb4 a5 20. Qb3 Nxf3 21. Re3 b6 22. Bxd6 Qxd6 23. Rxd5 Nd2+ 24. Rxd2 Qxd2 25. Rxe7 Rf2 26. Nc4 0-1

[Event "BIH-chT 5th"]
[Site "Banja Vrucica"]
[Date "2006.06.21"]
[Round "4"]
[White "Bjeljac, Dragoljub"]
[Black "Milosevic, Goran"]
[Result "1-0"]
[WhiteElo "2400"]
[BlackElo "2401"]
[PlyCount "69"]
[EventDate "2006.06.18"]
[EventType "team-tourn"]
[EventRounds "9"]
[EventCountry "BIH"]
[SourceTitle "EXT 2019"]
[Source "ChessBase"]
[SourceDate "2018.10.10"]
[SourceVersion "1"]
[SourceVersionDate "2018.10.10"]
[SourceQuality "1"]
[WhiteTeam "Drvar"]
[BlackTeam "Banja Luka"]
[WhiteTeamCountry "BIH"]
[BlackTeamCountry "BIH"]

1. e4 c5 2. Nf3 e6 3. c3 d5 4. d4 dxe4 5. Ne5 a6 6. Be3 cxd4 7. Bxd4 Nf6 8. Nd2 Be7 9. Qc2 Nbd7 10. Nxe4 Nxe4 11. Qxe4 Nf6 12. Qe3 Nd5 13. Qg3 Bf6 14. Bd3 Qc7 15. 0-0 0-0 16. Rad1 b5 17. f4 Ne7 18. Qh3 g6 19. Be4 Rb8 20. g4 Bg7 21. Qe3 f6 22. Nd3 Nc6 23. Bc5 Rd8 24. Bxc6 Qxc6 25. Nb4 Qe8 26. Rxd8 Qxd8 27. Nc6 Qc7 28. Nxb8 Qxb8 29. Rd1 Qb7 30. Rd8+ Kf7 31. Qd3 e5 32. f5 Bh6 33. Rh8 Bg7 34. Rxc8 Qxc8 35. Qd5+ 1-0